Statistiques concernant Les meilleurs buteurs de l'OL par saison

Cliquez ici pour prendre le quiz!

Statistiques générales

  • Ce quiz a été pris 151 fois
  • Le résultat moyen est 27 sur 47

Statistiques - réponses

SaisonNoms% Correct
2022/23 Ligue 1Lacazette
100%
14/15 Ligue 1Lacazette
100%
2022/23 Coupe de FranceLacazette
100%
13/14 Ligue 1Lacazette
100%
16/17 Ligue 1Lacazette
100%
15/16 Ligue 1Lacazette
100%
20/21 Ligue 1Depay
82%
19/20 Ligue des ChampionsDepay
82%
17/18 Ligue 1Depay
82%
21/22 Ligue 1Dembélé
81%
19/20 Ligue 1Dembélé
81%
18/19 Ligue 1Dembélé
81%
18/19 Ligue des ChampionsFekir
80%
14/15 Coupe de FranceFekir
80%
05/06 Ligue des ChampionsJuninho
79%
04/05 Ligue 1Juninho
79%
03/04 Ligue des ChampionsJuninho
79%
02/03 Ligue 1Juninho
79%
07/08 Ligue des ChampionsBenzema
76%
07/08 Ligue 1Benzema
76%
08/09 Ligue 1Benzema
76%
03/04 Coupe de FranceGovou
64%
15/16 Coupe de FranceCornet
54%
09/10 Ligue 1Lisandro
51%
11/12 Ligue 1Lisandro
51%
10/11 Ligue 1Lisandro
51%
11/12 Ligue des ChampionsGomis
49%
12/13 Europa LeagueGomis
49%
12/13 Ligue 1Gomis
49%
13/14 Europa LeagueGomis
49%
17/18 Europa LeagueTraoré
41%
16/17 Ligue des ChampionsTolisso
40%
20/21 Coupe de FranceCherki
36%
06/07 Ligue des ChampionsMalouda
36%
10/11 Ligue des ChampionsMichel Bastos
34%
06/07 Ligue 1Fred
32%
05/06 Ligue 1Fred
32%
04/05 Ligue des ChampionsWiltord
31%
02/03 Ligue des ChampionsSonny Anderson
26%
2000/01 Ligue 1Sonny Anderson
26%
01/02 Ligue 1Sonny Anderson
26%
21/22 Europa LeagueEkambi
24%
09/10 Ligue des ChampionsPjanic
16%
03/04 Ligue 1Luyindula
9%
01/02 Ligue des ChampionsEric Carrière
7%
00/01 Ligue des ChampionsSteve Marlet
3%
08/09 Coupe de FranceMounier
1%

Distribution des résultats

Percentile par nombre de réponses

% des personnes avec chaque résultat

Votre développement - résultats

Vous n’avez pas pris ce quiz